Responses for Show #8905 - Friday, June 30, 2023

Last syndicated show hosted by Mayim Bialik.

Contestants

[<< previous game]

Ilena Di Toro, a public relations specialist from Philadelphia, Pennsylvania

Courtney Johnston, an attorney from Denver, Colorado

Bryan White, a senior regulatory compliance analyst originally from Santa Maria, California (whose 2-day cash winnings total $32,007)

[next game >>]

Jeopardy! Round responses

VENN DIAGRAM INTERSECTIONS
WELCOME TO THE BIG URBAN AREA
(Mayim: Populations per the CIA World Factbook.)
BUSINESS
NUMBERS IN THE NEWS
SPORTS ROOKIES
COMPOUND WORDS
    $200 20
Georgia

Bryan
    $200 15
Tokyo

Bryan
    $200 30
Microsoft

Bryan
    $200 6
CO2 emissions (greenhouse gases)

Bryan
    $200 1
(Courtney: Who is Bell?)
(Mayim: No.)
(Courtney: What is Bell? ... [*]?)

Ball

BryanCourtney
    $200 21
a handshake

Ilena
    $400 19
Odyssey

Courtney
    $400 13
Hong Kong

Bryan
    $400 29
(Ilena: What is Minute Maid?)
(Bryan: What is Sunkist?)

Tropicana

BryanIlena
Triple Stumper
    $400 7
$250,000

Bryan
    $400 2
running back

Bryan
    $400 22
(Ilena: What is a parasail?)
(Bryan: What is parasail?)

windsurfing

BryanIlena
Triple Stumper
    $600 16
"Happy"

Triple Stumper
    $600 14
Bogotá

Ilena
    $600 28
Chevrolet

Triple Stumper
    $600 8
(Mayim: Yes, after the World Cup win.)

11

Bryan
    $600 3
the LPGA

Bryan
    $600 23
a skyscraper

Triple Stumper
    $800 17
Malibu

Triple Stumper
    $3,200 11
(Bryan: What is Addis Ababa?)

Khartoum

Bryan
    $800 27
Winnebago

Triple Stumper
    $800 9
(Courtney: What is 62?)

64

Courtney
Triple Stumper
    $800 4
Shohei Ohtani

Bryan
    $800 24
clickbait

Courtney
    $1000 18
Cupid

Triple Stumper
    $1000 12
Ho Chi Minh City

Courtney
    $1000 26
Samsonite

Bryan
    $1000 10
218

Triple Stumper
    $1000 5
Richard Petty

Triple Stumper
    $1000 25
jawbone

Bryan

Scores at the first commercial break (after clue 15):

Bryan Courtney Ilena
$600 $0 $600

Scores at the end of the Jeopardy! Round:

Bryan Courtney Ilena
$2,200 $1,200 $0

Double Jeopardy! Round responses

HISTORIC GREATS
SERENITY NOW!
SCIENCE & NATURE
LET'S GET "DOWN"
POP EYE
THE SAILOR MAN
    $400 1
Catherine the Great

Bryan
    $400 6
the Sea of Tranquility

Bryan
    $400 19
drones

Bryan
    $400 23
a hoedown

Courtney
    $400 13
a pet rock

Ilena
    $400 26
Treasure Island

Triple Stumper
    $800 2
Charlemagne

Ilena
    $800 7
Lake Geneva

Ilena
    $800 20
family

Bryan
    $800 22
(Mayim: Yes, teaching my son to do it now.)
[Bryan chuckles.]

downshift

Bryan
    $800 14
Eye of the Beholder

Triple Stumper
    $800 30
Sinbad

Ilena
    $1,000 3
Prussia

Ilena
    $1200 8
calm down

Courtney
    $1200 21
Sweden

Triple Stumper
    $1200 12
a meltdown

Courtney
    $1200 9
Crazy Eyes

Bryan
    $1200 28
The Perfect Storm

Triple Stumper
    $1600 4
Korea (the Koreans)

Ilena
    $1600 17
wisdom

Ilena
    $1600 24
(Ilena: What is gypsum?)

quartz

Ilena
Triple Stumper
    $1600 10
(Courtney: What is down?)

eiderdown

Courtney
Triple Stumper
    $1600 15
Naked Eyes

Courtney
    $1600 27
Hergé

Triple Stumper
    $2000 5
(Bryan: Who is Darius?)
(Ilena: Who is Nebuchadnezzar?)

Cyrus the Great

BryanIlena
Triple Stumper
    $2000 18
Prince Albert (II)

Ilena
    $2000 25
an aye-aye

Bryan
    $2000 11
the downtrodden

Bryan
    $2000 16
For Your Eyes Only

Triple Stumper
    $1,100 29
the Dawn Treader

Bryan

Scores at the end of the Double Jeopardy! Round:

Bryan Courtney Ilena
$9,300 $4,000 $5,400

[wagering suggestions for these scores]

Final Jeopardy! Round responses

NATIONAL ANTHEMS
(Mayim: [To Ilena] That anthem, "Kimigayo".)
CourtneyWhat is France?
$3,810
IlenaWhat is Japan?
$4,100
BryanWhat is Norway?
$1,600
Japan

Final scores:

Bryan Courtney Ilena
$7,700 $190 $9,500
2nd place: $2,000 3rd place: $1,000 New champion: $9,500

Game dynamics:

Coryat scores:

Bryan Courtney Ilena
$13,400 $4,000 $5,600
22 R
(including 1 DD),
4 W
(including 1 DD)
7 R,
3 W
10 R
(including 1 DD),
4 W

Combined Coryat: $23,000

[game clues] [game scores] [suggest correction]

Game tape date: 2023-04-14
The J! Archive is created by fans, for fans. Scraping, republication, monetization, and malicious use prohibited; this site may use cookies and collect identifying information. See terms. The Jeopardy! game show and all elements thereof, including but not limited to copyright and trademark thereto, are the property of Jeopardy Productions, Inc. and are protected under law. This website is not affiliated with, sponsored by, or operated by Jeopardy Productions, Inc. Join the discussion at JBoard.tv.